Education for democratic citizenship : decision making in the social studies /

Bibliographic Details
Main Author: Engle, Shirley H.
Other Authors: Ochoa-Becker, Anna S.
Format: Book
Language:English
Published: New York : Teachers College Press, Teachers College, Columbia University, [1988]
Subjects:

MARC

Tag First Indicator Second Indicator Subfields
LEADER 00000cam a2200000 a 4500
001 in00000024628
005 20151007054340.0
008 871019s1988 nyu b 00110 eng
010 |a  87026721  
020 |a 0807728896 (hard) 
020 |a 0807728888 (pbk.) 
035 |a (OCoLC)16922604 
035 |9 AAB4770AM 
040 |a DLC  |c DLC  |d TXA  |d UtOrBLW 
043 |a n-us--- 
049 |a TXAM  |c [A11522915] 
050 0 0 |a H62.5.U5  |b E54 1988 
082 0 |a 300/.7/1073  |2 19 
100 1 |a Engle, Shirley H. 
245 1 0 |a Education for democratic citizenship :  |b decision making in the social studies /  |c Shirley H. Engle & Anna S. Ochoa. 
264 1 |a New York :  |b Teachers College Press, Teachers College, Columbia University,  |c [1988] 
264 4 |c ©1988 
300 |a v, 224 pages ;  |c 23 cm. 
336 |a text  |b txt  |2 rdacontent 
337 |a unmediated  |b n  |2 rdamedia 
338 |a volume  |b nc  |2 rdacarrier 
504 |a Bibliography: pages 209-213. 
500 |a Includes index. 
650 0 |a Civics  |x Study and teaching  |z United States. 
650 0 |a Social sciences  |x Study and teaching  |z United States. 
700 1 |a Ochoa-Becker, Anna S. 
999 |a MARS 
999 f f |s 8316be62-f6e5-3ff0-bc15-54346ae0d480  |i a6aa7918-03c0-3fe2-91a2-8c9ecf338e10  |t 0 
952 f f |p ric  |a Texas A&M University  |b Rellis Campus  |c Joint Library Facility  |d Remote Storage  |t 0  |e H62.5.U5 E54 1988  |h Library of Congress classification  |i unmediated -- volume  |m A14811522915 
998 f f |a H62.5.U5 E54 1988  |t 0  |l Remote Storage